Statistics for Three Branches of Government

Click here to take the quiz!

General Stats

  • This quiz has been taken 80 times
  • The average score is 12 of 15

Answer Stats

Answer% Correct
Legislative
100%
Executive
96%
Judicial
95%
Donald Trump
93%
Senate
91%
Two
88%
House of Representatives
84%
Mike Pence
84%
Nine
81%
Every six years
74%
Every two years
74%
The Supreme Court
70%
Congress
68%
The Cabinet
61%
John G. Roberts
46%

Score Distribution

Percentile by Number Answered

Percent of People with Each Score

Your Score History

You have not taken this quiz